000 01412cad a22002415a 4500
001 L147143
008 090407s2009 xxkd f s 000 0 eng d
035 _a(Sirsi) u147143
041 0 _aeng
050 0 4 _a346.4104342 $2 18
110 2 _aAssociation of Residential Letting Agents
_93020
245 0 0 _aARLA members survey of the private rented sector
_bfirst quarter 2009
_h[electronic resource]
260 _aWarwick
_bARLA
_c2008
490 0 _aARLA Members Survey Report
_vFirst Quarter 2009
520 _aReports that rental returns for houses have fallen slightly from 4.9% to 4.8% since the last quarter of 2008, whilst flats remain unchanged at 4.9%. Finds that the average capital asset value of rented houses has increased by 3.7% from the last quarter due to increases of 6.5% for Prime Central London and 2.6% for the rest of the South East. However values for the rest of the UK fell by 1.5%. Concludes that the supply of rented properties is outstripping the availability of tenants.
521 _aAdvanced
590 _aKA NTK
650 2 4 _aARLA MEMBERS SURVEY OF THE PRIVATE RENTED SECTOR
651 4 _aUnited Kingdom
_y
690 _aPROPERTY-RESIDENTIAL PROPERTY-RESIDENTIAL PROPERTY MARKET
856 4 0 _uhttps://www.arla.co.uk/information/private-rented-survey/2009/arla-members-survey-private-rented-sector-2009-q1.pdf
_zView the item free of charge at www.arla.co.uk...
942 _n0
999 _c109454
_d109454